00390nam a2200181Ia 4500003000900000008004100009040001300050040001300063041000800076100002000084245002100104250000900125260002100134260000900155300001000164490002800174490000600202IT-RoPAU120407s9999 xx 000 0 und d aIT-RoPAU cIT-RoPAU aita aAntonio Gramsci aArte e folclore. aRoma aNewton & Compton c1976 c19 cm aPaperbacks marxisti, 40 v1